Mathematics for computer graphics (Record no. 7488)
[ view plain ]
| 000 -LEADER | |
|---|---|
| fixed length control field | 00531 a2200169 4500 |
| 020 ## - INTERNATIONAL STANDARD BOOK NUMBER | |
| International Standard Book Number | 1846280346 |
| 040 ## - CATALOGING SOURCE | |
| Original cataloging agency | DLC |
| Language of cataloging | DLC |
| 100 1# - MAIN ENTRY--PERSONAL NAME | |
| Personal name | Vince, John |
| 245 10 - TITLE STATEMENT | |
| Title | Mathematics for computer graphics |
| Statement of responsibility, etc. | John Vince. |
| 250 ## - EDITION STATEMENT | |
| Edition statement | 2nd ed. |
| 260 ## - PUBLICATION, DISTRIBUTION, ETC. | |
| Place of publication, distribution, etc. | London : |
| Name of publisher, distributor, etc. | Springer, |
| Date of publication, distribution, etc. | c2006. |
| 300 ## - PHYSICAL DESCRIPTION | |
| Extent | xiv, 248 p. : |
| Other physical details | ill. ; |
| Dimensions | 24 cm. |
| 500 ## - GENERAL NOTE | |
| General note | Previous ed. published under the title: Essential mathematics for computer graphics fast. 2001. |
| 650 #0 - SUBJECT ADDED ENTRY--TOPICAL TERM | |
| Topical term or geographic name entry element | Computer graphics |
| General subdivision | Mathematics. |
| 700 1# - ADDED ENTRY--PERSONAL NAME | |
| Personal name | Vince, John |
| 942 ## - ADDED ENTRY ELEMENTS (KOHA) | |
| Koha item type | Book |
| Call number prefix | 510 VIN |
| Source of classification or shelving scheme | |
| Withdrawn status | Lost status | Damaged status | Not for loan | Collection code | Permanent Location | Current Location | Shelving location | Date acquired | Source of acquisition | Cost, normal purchase price | Total Checkouts | Full call number | Barcode | Date last seen | Price effective from | Koha item type |
|---|---|---|---|---|---|---|---|---|---|---|---|---|---|---|---|---|
| Central Library (CL) | Central Library (CL) | General Stacks | 11/03/2006 | A&J DEF Tek Consultant | 2712.84 | 510 VIN | SEECS007693 | 11/14/2012 | 01/05/2017 | Book |
